| 000 | 00560nam a22001937a 4500 | ||
|---|---|---|---|
| 003 | NALT | ||
| 005 | 20211025103316.0 | ||
| 008 | eng d | ||
| 040 | _aNALT | ||
| 041 | _aeng | ||
| 050 | _aF128 G58N | ||
| 100 | 0 | _aHalligan, Irene R. | |
| 245 | 1 | 0 | _aNew York - host to the world |
| 260 | 3 |
_aNew York : _bNew York City Commission for the Untide Nations, Consular Corps and Protocol, _cn.d. |
|
| 300 |
_a116 p. : _b ill., maps ; _c 29 cm. |
||
| 650 | 0 | 4 | _aNew York -- Description and travel |
| 850 | _aNALT | ||
| 942 |
_cGB _2lcc |
||
| 999 |
_c43320 _d43320 |
||
| 998 |
_j109 _k อารีรัตน์ วิชาช่าง |
||